000 00400pab a2200157 454500
008 180718b1984 xxu||||| |||| 00| 0 eng d
100 _aTilak, Jandhyala B.G.
245 _aBlock level planning in education
260 _c1984
300 _ap.673-687.
362 _aJul-Sep
650 _aEducational planning
773 _aIndian Journal of Public Administration
908 _aN
909 _a88664
999 _c88664
_d88664